000 01176nam a2200313 a 4500
001 BRL_1941
005 20190320211439.0
008 190815m19651968mx-a######---#000-0#spa-#
040 _aDLC
_cOAkU
_dOCoLC
041 _aspaeng
050 4 _aF1219.3.C75
_b.C37 1968
100 1 _aCastelló Yturbide, Teresa
_92444
245 1 0 _aEl traje indígena en México = Indian dress in Mexico
_cdibujos de Teresa Castelló Yturbide ; texto de Carlota Mapelli Mozzi.
260 _aMéxico
_bINAH
_c1965-1968
300 _a2 v.
_bil. a color
_c56 cm.
_e150 láminas
500 _aIncluye glosario e índice de láminas
500 _av.1 Au1311, v.2 Au1323
504 _aIncluye referencias bibliográficas
505 0 _aContenido : v.1 Panorama general. -- v.2. dedicado a grupos Nahuas y Mayenses
546 _aTexto en : español e inglés
650 1 4 _aIndígenas de México
_xvestimenta
_98345
650 1 4 _aBordados indígenas
_zMéxico
_98346
650 1 4 _aIndígenas de México
_xDibujos, ilustraciones, etc.
_98347
650 1 4 _aBordado
_xDiseños
_98348
700 1 _aMapelli Mozzi, Carlota
_98349
740 0 _aIndian dress in Mexico
902 _aGRL
942 _2lcc
_cB
999 _c10749
_d10749